000 03079nim a2200457 i 4500
001 197193
003 ES-MaACL
005 20250828062555.0
007 ss lsnjlcipnne
008 290425s1990 sp nnnn |||| 00| spa d
040 _bspa
_cES-MaACL
245 0 0 _aCongreso Internacional sobre desigualdad social y reforma educativa
_h[Grabación sonora] :
_bdías 27 y 28 de abril de 1990
260 _aMadrid :
_bAteneo de Madrid,
_c1990
300 _a8 casetes (ca. 720 min) :
_bson. ;
_c11 cm
490 1 _3Actos culturales en el Ateneo de Madrid
505 _aCintas 1, 2, 3 y 4 contienen las conferencias: "Modelos educativos del ámbito occidental", con los ponentes Valérie Walkerdine, socióloga de Gran Bretaña, Claude Grignon, sociólogo de Francia y Alberto Moncada, sociólogo de España, y "Educar, ¿para qué?" con los ponentes Agustín García Calvo, catedrático de la Universidad Complutense de Madrid, Tomas Pollán, profesor de la Universidad Autónoma de Madrid, Isabel Escudero, profesor de la UNED y Miguel Cancio, sociólogo. Cinta 5, 6 y 8 contienen la conferencia "Análisis critico de la reforma" con los ponentes Julio Valdeón, catedrático de la Universidad de Vall, Emilio Lledó, catedrático de la UNED, Xosé L. Méndez Ferrín, escritor y Blas Carrera, sociólogo de la Universidad de la Laguna. Cinta 7 contiene la conferencia "Funciones sociales del sistema de enseñanza" con los ponentes Javier Sádaba, catedrático de la Universidad Autónoma de Madrid, Julia Varela, socióloga, Mariano Fernandez Enguita, sociólogo y Ignacio Fernández de Castro, sociólogo.
518 _aGrabado el 27 y 28 de abril de 1990 en el Salón de Actos del Ateneo de Madrid.
520 _aCongreso Internacional sobre Desigualdad Social y Reforma Educativa. El día 27 de abril con las conferencias "Modelos educativos del ámbito occidental" y "Educar, ¿para qué?". El día 28 de abril con las presentaciones "Funciones sociales del sistema de enseñanza" y "Análisis critico de la reforma"
540 _aDocumento inédito
594 _5Datos tomados de invitación
610 2 0 _aAteneo de Madrid-
_xActos culturales-
_y1990-
_vGrabaciones sonoras
_9240083
650 7 _aEducación
_2embne
_912073
653 _aArchivo de la palabra
655 0 _aConferencias
_9234444
700 1 _aGarcía Calvo, Agustín,
_d1926-2012
_eora
_9233841
700 1 _aValérie Walkerdine
_eora
_9240240
700 0 _992840
_aPollán, Tomás
_eora
710 2 _aAteneo de Madrid
_ehis
_91875
830 0 _aActos culturales en el Ateneo de Madrid
_9240237
852 _aES-MaACL
_cDEPOZ
_pCinta 1
_9205266
852 _aES-MaACL
_cDEPOZ
_pCinta 2
_92052567
852 _cDEPOZ
_pCinta 3
_9205256
_aES-MaACL
852 _cDEPOZ
_pCinta 4
_9205257
_aES-MaACL
852 _cDEPOZ
_pCinta 5
_9205258
_aES-MaACL
852 _cDEPOZ
_pCinta 6
_92052569
_aES-MaACL
852 _cDEPOZ
_pCinta 7
_9205260
_aES-MaACL
852 _cDEPOZ
_pCinta 8
_9205261
_aES-MaACL
942 _2udc
_n0
_cCINTASAUD
999 _c197193
_d197193